| 000 | 00765nam0a2200241 4500 | ||
|---|---|---|---|
| 001 | RU\NLR\bibl\1887742 | ||
| 005 | 20250616194605.0 | ||
| 021 |
_aRU _b2012-18419 _91386 |
||
| 035 | _a(NLR Aleph) 001877466 | ||
| 090 |
_a2744730 _c2744730 |
||
| 100 | _a20120404d2011 |||y0rusy50 ca | ||
| 101 | 0 | _arus | |
| 102 | _aRU | ||
| 105 | _ay ||||||||| | ||
| 200 | 1 | _aДвухцветная тепло-холодная живопись: метод. пособие | |
| 210 |
_aМосква _cМЭИ _d2011 |
||
| 215 | _d21 | ||
| 700 | 1 |
_aБирюков _bВ. Я. _4070 |
|
| 801 | 0 |
_aRU _bNLR _c20120404 _gRCR |
|
| 801 | 1 |
_aRU _bNLR _c20120404 |
|
| 942 | _cBOOK | ||
| 980 | _aNB | ||